000 00274nam a22001217a 4500
008 170714b xxu||||| |||| 00| 0 eng d
041 _aeng
080 _a038
100 _a24
101 _aFJA
245 _aDICTIONARY OF REAL ESTATE TERMS
_cFRIEDMAN,J.P
942 _2udc
_cBK
999 _c20920
_d20920